000 00548nam a2200169 i 4500
001 80483
003 ES-MaACL
005 20230906174227.0
007 t|
008 041028s1967 sp ||||1| spa d
245 0 0 _aHomenaje a Francisco Pérez Pizarro /
_cCía Martínez, J.A.... [et al.].
260 _aAlicante :
_bCaja de Ahorros del Sureste de España,
_c1967.
300 _a87 p., 12 lám. ;
_c25 cm.
700 1 _aCia Martínez, José Antonio.
_938729
700 1 _aPérez Pizarro, Francisco.
_991089
852 _aES-MaACL
_jC-33726
_bR.64672
999 _c80483
_d80483